| 000 | 01563nam a2200325 4500 | ||
|---|---|---|---|
| 005 | 20160601171821.0 | ||
| 008 | 160601s2012 ck ad|||r|||| 00| 0 spa d | ||
| 020 | _a9789586958325 | ||
| 040 |
_aCO-BoIAVH _cCO-BoIAVH |
||
| 041 | 0 | _aspa | |
| 044 | _ack | ||
| 082 | 0 | 4 |
_a628.161 _bR69c4 |
| 100 | 1 |
_aRodríguez Susa, Manuel Salvador _eautor |
|
| 245 | 1 | 0 |
_aCalidad del recurso hídrico de Bogotá (2011-2012) / _cManuel Salvador Rodríguez Susa [y otros 3] |
| 250 | _aPrimera edición | ||
| 260 |
_aBogotá : _bUniversidad de los Andes, Facultad de Ingeniería, Departamento de Ingeniería Civil y Ambiental, Ediciones Uniandes : _bAlcaldía Mayor, Secretaría Distrital de Ambiente, _c2012. |
||
| 300 |
_a272 páginas : _bilustraciones, tablas y gráficas ; _c28 x 21 cm. |
||
| 504 | _aIncluye referencias bibliográficas. | ||
| 650 | 1 | 6 |
_aRecursos hídricos _y2011 - 2012 |
| 650 | 2 | 6 |
_aCalidad del agua _y2011 - 2012 |
| 650 | 2 | 6 |
_aCorrientes de agua _y2011 - 2012 |
| 650 | 2 | 6 |
_aAbastecimiento de agua _xControl de calidad _y2011 - 2012 |
| 651 | _aBogotá (Colombia) | ||
| 700 | 1 |
_aPorras, Lina Sabrina _eautora |
|
| 700 | 1 |
_aPérez Hoyos, Alma Patricia _eautora |
|
| 700 | 1 |
_aZamora Vacca, Francy Nataly _eautora |
|
| 710 | 2 |
_aUniversidad de los Andes (Bogotá, Colombia) _bFacultad de Ingeniería _bDepartamento de Ingeniería Civil y Ambiental |
|
| 710 | 1 |
_aBogotá (Colombia) _bAlcaldía Mayor de Bogotá, D.C. _bSecretaría Distrital de Ambiente |
|
| 942 |
_2ddc _cLIBRO |
||
| 999 |
_c18768 _d18768 |
||